<?xml version="1.0" encoding="UTF-8"?><?xml-stylesheet type="text/xsl" href="static/style.xsl"?><OAI-PMH xmlns="http://www.openarchives.org/OAI/2.0/" xmlns:xsi="http://www.w3.org/2001/XMLSchema-instance" xsi:schemaLocation="http://www.openarchives.org/OAI/2.0/ http://www.openarchives.org/OAI/2.0/OAI-PMH.xsd"><responseDate>2026-04-30T00:43:33Z</responseDate><request verb="GetRecord" identifier="oai:uvadoc.uva.es:10324/53643" metadataPrefix="marc">https://uvadoc.uva.es/oai/request</request><GetRecord><record><header><identifier>oai:uvadoc.uva.es:10324/53643</identifier><datestamp>2022-06-02T21:52:07Z</datestamp><setSpec>com_10324_38</setSpec><setSpec>col_10324_852</setSpec></header><metadata><record xmlns="http://www.loc.gov/MARC21/slim" xmlns:doc="http://www.lyncode.com/xoai" xmlns:xsi="http://www.w3.org/2001/XMLSchema-instance" xmlns:dcterms="http://purl.org/dc/terms/" xsi:schemaLocation="http://www.loc.gov/MARC21/slim http://www.loc.gov/standards/marcxml/schema/MARC21slim.xsd">
<leader>00925njm 22002777a 4500</leader>
<datafield tag="042" ind1=" " ind2=" ">
<subfield code="a">dc</subfield>
</datafield>
<datafield tag="720" ind1=" " ind2=" ">
<subfield code="a">Rodríguez Herrera, Noelia</subfield>
<subfield code="e">author</subfield>
</datafield>
<datafield tag="260" ind1=" " ind2=" ">
<subfield code="c">2022</subfield>
</datafield>
<datafield tag="520" ind1=" " ind2=" ">
<subfield code="a">El presente trabajo tiene por objeto el análisis y valoración que los órganos jurisdiccionales españoles realizan sobre las pruebas aportadas en el proceso civil, enfocado en la prueba documental.&#xd;
La Constitución española, en el número segundo de su artículo 24, hace referencia al derecho a la prueba, como un derecho fundamental que, junto a los restantes consagrados en dicho precepto, concretan el derecho fundamental a la tutela judicial efectiva en sentido lato, y más concretamente al derecho fundamental al debido proceso. &#xd;
Serán numerosas las sentencias que ofrezcan una visión completa de lo que será el objeto de este trabajo, la prueba documental. Pero además podremos ver como los tribunales españoles realizan la apreciación de las pruebas a través de los distintos sistemas de valoración, en un proceso complejo que puede dar lugar a errores, que veremos cómo pueden ser solventados, incluida la posible interposición de recursos</subfield>
</datafield>
<datafield tag="024" ind2=" " ind1="8">
<subfield code="a">https://uvadoc.uva.es/handle/10324/53643</subfield>
</datafield>
<datafield tag="245" ind1="0" ind2="0">
<subfield code="a">Análisis jurisprudencial de la prueba tasada o prueba legal en el proceso civil. Especial consideración de la prueba documental</subfield>
</datafield>
</record></metadata></record></GetRecord></OAI-PMH>